书目信息 |
| 题名: |
影响世界100次战争
|
|
| 作者: | 邓蜀生 主编 | |
| 分册: | ||
| 出版信息: | 南宁 广西人民出版社 2003.01 |
|
| 页数: | 452页 | |
| 开本: | 20cm | |
| 丛书名: | 影响世界100系列丛书 | |
| 单 册: | ||
| 中图分类: | E-49 | |
| 科图分类: | ||
| 主题词: | 军事 | |
| 电子资源: | ||
| ISBN: | 7-219-02989-6 | |
| 000 | 00646nam0 2200217 45 | |
| 001 | 0304250908 | |
| 005 | 20030425092902.7 | |
| 010 | @a7-219-02989-6@d24.80元 | |
| 100 | @a20030425d2003 km y0chiy0120 ea | |
| 101 | 0 | @achi |
| 105 | @a z 000yy | |
| 200 | 1 | @a影响世界100次战争@AYing Xiang Shi Jie 100 Ci Zhan Zheng@f邓蜀生等主编@FDeng Shu Sheng Deng Zhu Bian |
| 210 | @a南宁@c广西人民出版社@d2003.01 | |
| 215 | @a452页@d20cm | |
| 225 | @a影响世界100系列丛书 | |
| 410 | @12001 @a影响世界100系列丛书 | |
| 606 | 0 | @a军事 |
| 690 | @aE-49@v3 | |
| 701 | 0 | @a邓蜀生@4主编 |
| 801 | @aCN@bPftUser@c20030425 | |
| 905 | @aBZT@b346948-957@dE-49@e1@f10 | |
| 影响世界100次战争/邓蜀生等主编.-南宁:广西人民出版社,2003.01 |
| 452页;20cm.-(影响世界100系列丛书) |
| ISBN 7-219-02989-6:24.80元 |
| ● |
| 相关链接 |
|
|
|
正题名:影响世界100次战争
索取号:E-49/1
 
预约/预借
| 序号 | 登录号 | 条形码 | 馆藏地/架位号 | 状态 | 备注 |
| 1 | 346948 | 201353301 | 样本书库/样007架B面1层3列/ [索取号:E-49/1] | 在馆 | |
| 2 | 346949 | 201353329 | 中心书库北库/ 北库004架A面1列5层20/ [索取号:E-49/1] | 在馆 | |
| 3 | 346950 | 201353347 | 中心书库北库/ 北库004架A面1列5层3/ [索取号:E-49/1] | 在馆 | |
| 4 | 346951 | 201353356 | 中心书库北库/ 北库004架A面1列5层14/ [索取号:E-49/1] | 在馆 | |
| 5 | 346952 | 201353365 | 中心书库北库/ 北库004架A面1列5层1/ [索取号:E-49/1] | 在馆 | |
| 6 | 346953 | 201353383 | 中心书库北库/ 北库004架A面1列5层7/ [索取号:E-49/1] | 在馆 | |
| 7 | 346954 | 201353392 | 中心书库北库/ 北库004架A面1列5层21/ [索取号:E-49/1] | 在馆 | |
| 8 | 346955 | 201353374 | 中心书库北库/ 北库004架A面1列5层2/ [索取号:E-49/1] | 在馆 | |
| 9 | 346957 | 201352534 | 中心书库北库/ 北库004架A面1列5层13/ [索取号:E-49/1] | 在馆 |